The DAC Journal

Uložené v:
Podrobná bibliografia
Médium: Seriál
Jazyk:Slovak
Vydavateľské údaje: Paris OECD
Predmet:
Tagy: Pridať tag
Žiadne tagy, Buďte prvý, kto otaguje tento záznam!

MARC

LEADER 00000nas1a2200000$$$4500
001 0008961
005 20250717092446.4
022 |a 1563-3152 
022 |a 1609-7645 
041 0 |a slo 
044 |a SK 
245 1 0 |a The DAC Journal 
264 1 |a Paris  |b OECD 
610 2 0 |a spolupráca hospodárska medzinárodná 
610 2 0 |a OECD